[Event "Kathmandu Open 2018"]
[Site "Kathmandu"]
[Date "2018.04.15"]
[Round "7"]
[White "Chaulagain, Harichandra"]
[Black "Pandey, Aashish"]
[Result "1-0"]
[WhiteElo "1812"]
[BlackElo "1505"]
[Annotator "NA RC"]
[PlyCount "59"]
[EventDate "2018.??.??"]
[EventType "swiss"]
[EventCountry "NEP"]
[SourceTitle "playchess.com"]
[Source "ChessBase"]
[SourceQuality "1"]
[TimeControl "5400+30"]

1. e4 d5 2. exd5 Nf6 3. Nc3 Nxd5 4. Bc4 Nxc3 5. Qf3 e6 6. dxc3 Bd6 7. Nh3 {B02: Alekhine's Defence: Chase Variation and lines with early Nc3} (7. Ne2 Nd7 8. Qh5 O-O 9. Bg5 Qe8 10. O-O-O Nb6 11. Bd3 f5 12. Qh4 e5 13. f3 Be6 14. g4 Qa4 15. gxf5 Qxh4 16. Bxh4 Bxf5 {0-1 (35) Moliboga,V (2310)-Sergeev,V (2444) Lvov 2017}) 7... h6 $146 ({Predecessor:} 7... Nd7 8. Bg5 Ne5 9. Qh5 Qd7 10. Be2 Qa4 11. Bf4 Nc6 12. Bxd6 cxd6 13. Ng5 Qf4 14. Nxh7 Bd7 {½-½ (31) Barhudarian,R (2327)-Pimenov,R (2189) St Petersburg 2008}) 8. Bf4 Qf6 9. Qe3 e5 10. Bg3 Bxh3 11. gxh3 Nc6 12. Bb5 O-O 13. h4 Ne7 14. Bd3 h5 15. O-O-O Nf5 16. Qe4 g6 17. Rhg1 Nxg3 18. fxg3 b6 19. Rdf1 Qe7 20. Bc4 Rad8 21. Qxg6+ Kh8 22. Qxh5+ Kg7 23. Qg4+ Kh8 {[%emt 0:01:55]} 24. Rf5 {[%emt 0:01:33]} f6 {[%emt 0:01:57]} 25. Rh5+ Qh7 26. Bd3 f5 27. Bxf5 Qxh5 28. Qxh5+ Kg7 29. Qg6+ Kh8 30. Qh7# 1-0

[Event "Kathmandu Open 2018"]
[Site "Kathmandu"]
[Date "2018.04.15"]
[Round "7"]
[White "Bhagyashree Patil"]
[Black "Srijit Paul"]
[Result "0-1"]
[WhiteElo "1734"]
[BlackElo "2351"]
[Annotator "NA"]
[PlyCount "94"]
[EventDate "2018.??.??"]
[EventType "swiss"]
[EventCountry "NEP"]
[SourceTitle "playchess.com"]
[Source "ChessBase"]
[SourceQuality "1"]
[TimeControl "5400+30"]

{[%evp 32,89,36,26,33,35,24,25,33,29,61,56,42,39,42,39,41,16,38,0,18,-118,-91,-122,-151,-135,-92,-104,-116,-103,-95,-116,-89,-88,-64,-62,0,0,0,0,64,63,63,60,61,20,52,0,0,0,13,0,14,0,0,-60,-61,-85,-132,-134]} 1. e4 Nf6 2. e5 Nd5 3. d4 Nb6 4. c4 d6 5. exd6 exd6 6. Bd3 Nc6 7. Ne2 Nb4 {B03: Alekhine's Defence: Four Pawns Attack} (7... g6 8. Nbc3 Bg7 9. Be3 O-O 10. a3 d5 11. c5 Nc4 12. Bxc4 dxc4 13. O-O Bf5 14. Re1 Re8 15. b3 {1-0 (27) Shirov,A (2641)-Sveshnikov,V (2367) Riga 2018}) 8. Nbc3 Nxd3+ 9. Qxd3 Be7 10. O-O O-O 11. Be3 g6 12. b3 Bf6 13. Rad1 Bf5 $146 ({Find the theoretical novelty and annotate with similar games:} 13... Bg7 14. Ng3 f5 15. f4 c6 16. d5 c5 17. a3 Nd7 18. Rfe1 {0-1 (36) Nguyen,D (2032)-Trombik,K (2143) Frydek Mistek 2009}) 14. Qd2 d5 15. c5 Nc8 {[%emt 0:18:36]} 16. Ng3 {[%emt 0:39:58]} Ne7 {[%emt 0:20:25]} 17. Bg5 Bxg5 {[%emt 0:20:35]} 18. Qxg5 {[%emt 0:43:22]} f6 {[%emt 0:20:41]} 19. Qd2 {[%emt 0:46:23]} Qd7 {[%emt 0:22:10]} 20. Rfe1 {[%emt 0:50:22]} a6 {[%emt 0:29:52]} 21. Re3 {[%emt 0:56:35]} Nc6 {[%emt 0:30:00]} 22. Rde1 {[%emt 0:57:56]} g5 {[%emt 0:30:13]} 23. Nxf5 {[%emt 1:02:34]} Qxf5 {[%emt 0:30:14]} 24. Re6 {[%emt 1:08:49]} Rad8 {[%emt 0:31:02]} 25. Qe3 {[%emt 1:14:08]} Rf7 {[%emt 0:50:39]} 26. f3 {[%emt 1:19:19]} (26. Ne2 $11) 26... Ne5 $1 {[%emt 0:51:36]} 27. Rxe5 {[%emt 1:21:50]} fxe5 28. Qxe5 {[%emt 1:21:51]} h6 {[%emt 0:52:01]} 29. h3 {[%emt 1:27:00]} Qxe5 30. Rxe5 {[%emt 1:27:02]} c6 {[%emt 0:54:13]} 31. Kf2 {[%emt 1:28:11]} Rdd7 {[%emt 0:54:14]} 32. b4 {[%emt 1:30:01] [#]} a5 $1 {[%emt 0:56:28]} 33. b5 {[%emt 1:31:03]} cxb5 {[%emt 0:56:48]} ({Better is} 33... Rfe7 $15 34. Rxe7 Rxe7) 34. Nxb5 {[%emt 1:31:57]} Rfe7 {[%emt 0:57:06]} 35. Rf5 $1 {[%emt 1:33:25]} Kg7 {[%emt 0:58:48]} 36. Nd6 {[%emt 1:34:13]} Re6 {[%emt 1:00:50]} 37. Rxd5 {[%emt 1:35:03]} Kg6 {[%emt 1:01:03] [#]} 38. g4 {[%emt 1:37:00]} ({White should try} 38. g3 $1 $16) 38... b6 {[%emt 1:01:55]} 39. Rf5 {[%emt 1:37:35]} bxc5 {[%emt 1:03:11]} 40. dxc5 {[%emt 1:37:36]} Kg7 {[%emt 1:05:07]} 41. Rd5 {[%emt 1:38:53]} Kg6 {[%emt 1:05:44]} 42. Rf5 {[%emt 1:39:14]} a4 {[%emt 1:06:23]} 43. a3 {[%emt 1:42:15]} ({White should play} 43. Rd5 $11) 43... Rde7 {[%emt 1:09:40]} 44. Rd5 {[%emt 1:45:05]} Re2+ {[%emt 1:10:09]} 45. Kg3 $17 {[%emt 1:46:00]} Ra2 46. Ne4 Rxa3 47. c6 Rxe4 0-1

[Event "Kathmandu Open 2018"]
[Site "Kathmandu"]
[Date "2018.04.16"]
[Round "8"]
[White "Sandipan, Chanda"]
[Black "Shyaamnikhil P"]
[Result "1/2-1/2"]
[WhiteElo "2579"]
[BlackElo "2385"]
[Annotator "TA"]
[PlyCount "115"]
[EventDate "2018.??.??"]
[EventType "swiss"]
[EventCountry "NEP"]
[SourceTitle "playchess.com"]
[Source "ChessBase"]
[SourceQuality "1"]

{[%evp 12,115,17,4,12,6,31,12,13,16,16,0,0,0,25,24,33,40,53,52,37,42,51,37,39,37,50,35,77,77,77,76,86,78,82,67,72,61,80,79,81,58,58,81,70,78,45,43,52,53,56,32,47,43,64,48,73,73,96,97,95,92,114,81,100,91,105,102,127,121,119,111,116,111,106,111,134,119,174,174,197,104,114,121,135,127,109,70,70,70,70,70,70,70,69,0,0,0,0,0,0,0,0,0,0,0]} 1. d4 Nf6 2. c4 e6 3. Nc3 Bb4 4. e3 O-O 5. Bd2 Re8 6. Nf3 {E46: Nimzo-Indian: Rubinstein: 4 e3 0-0 5 Ne2 without early Bd3} d5 7. Rc1 {LiveBook: 5 Games} a6 $146 ({Predecessor:} 7... Nbd7 8. Qb3 c5 9. dxc5 Bxc3 10. Bxc3 Nxc5 11. Qa3 Nce4 12. Bxf6 Nxf6 13. cxd5 Nxd5 14. Bc4 Nb6 15. Be2 Qe7 16. Qxe7 Rxe7 17. Ne5 f6 18. Nc4 Nxc4 19. Bxc4 Bd7 20. f4 Kf8 21. Kf2 {½-½ (21) Predojevic,B (2614)-Brkic,A (2563) Sarajevo 2017}) 8. Bd3 c5 9. cxd5 exd5 10. dxc5 Bxc5 11. Ne2 Ba7 12. h3 Nbd7 {[%cal Bb8d7,Bd7c5,Bc5e4][%mdl 32]} 13. O-O Nc5 14. Bc3 Bd7 15. Bc2 Nce4 16. Bd4 $36 {[%mdl 2048] Black is under pressure.} Bb8 17. Ba4 Bd6 18. Bxd7 Qxd7 19. Qb3 Qb5 20. Qxb5 axb5 21. a3 b4 22. axb4 Bxb4 23. Rc7 Re7 24. Rc2 Ree8 25. Rfc1 Bd6 26. Nc3 Nxc3 27. Rxc3 Ne4 28. Rb3 Rac8 29. Rf1 Re7 30. Rb5 Rd7 31. Rd1 f6 32. Ne1 Bf8 33. g4 Ng5 34. Kg2 Ne6 35. Ba7 Ra8 36. Bb6 Ra4 37. Ba5 d4 38. Bb6 Rd6 {intending ...dxe3.} 39. b3 Ra2 {Threatening ...dxe3.} 40. Bxd4 $1 Rd7 41. Nf3 Bc5 42. b4 Bxd4 43. Nxd4 ({Don't play} 43. exd4 $6 Nf4+ 44. Kh2 Ra3 $11) 43... Rb2 44. h4 h5 (44... Ra2 $16 {was necessary.} 45. Kf3 Ra6) 45. gxh5 $18 Kh7 46. Rb6 (46. Rd3 $18) 46... Nxd4 $16 47. Rxd4 Rxd4 48. exd4 {[%mdl 4096] Endgame KR-KR} Rd2 49. Rxb7 {[#] Hoping for Rb8.} Rxd4 50. Kg3 {Strongly threatening Rb8.} Kh6 $1 51. b5 {aiming for Rb8.} Rb4 52. b6 {And now Rb8 would win.} Kxh5 53. f3 (53. Rxg7 $14 Rxb6 54. Ra7) 53... Kg6 $11 {The position is equal.} 54. Rb8 Kf5 55. h5 Kg5 56. Rb7 Kxh5 57. Rxg7 Rxb6 58. Kf4 {Precision: White = 58%, Black = 54%.} 1/2-1/2

[Event "Kathmandu Open 2018"]
[Site "Kathmandu"]
[Date "2018.04.16"]
[Round "8"]
[White "Sengupta, Deep"]
[Black "Harsha Bharathakoti"]
[Result "0-1"]
[WhiteElo "2579"]
[BlackElo "2424"]
[Annotator "TA"]
[PlyCount "100"]
[EventDate "2018.??.??"]
[EventType "swiss"]
[EventCountry "NEP"]
[SourceTitle "playchess.com"]
[Source "ChessBase"]
[SourceQuality "1"]

{[%evp 21,100,19,18,21,28,22,22,19,21,0,0,-22,16,0,14,0,32,0,6,1,13,0,0,0,39,29,41,27,34,16,99,0,59,0,0,-45,21,0,13,-89,-106,-200,-164,-320,-309,-311,-318,-335,-346,-397,-390,-388,-372,-370,-360,-495,-489,-486,-472,-434,0,0,0,-429,-369,-322,0,-879,-856,-637,-576,-1167,-1033,-1188,-985,-29989,-29990,-29997,-29971,-29991,-29992]} 1. e4 e5 2. Nf3 Nc6 3. Bc4 Bc5 4. d3 Nf6 5. O-O a6 6. c3 Ba7 7. Re1 {C54: Giuoco Piano: 4 c3 Nf6, main lines with 5 d4 and 5 d3} d6 8. a4 O-O 9. h3 h6 10. Nbd2 Be6 11. Bxe6 fxe6 {LiveBook: 9 Games} 12. b4 Qe8 13. Nf1 Nh5 14. Be3 Bxe3 15. Rxe3 Nf4 {[#]} 16. Ng3 $146 Qf7 17. Ra2 Qf6 18. Qb3 Ne7 19. Rd2 g5 20. d4 Neg6 21. dxe5 dxe5 22. Nf1 Rf7 23. N1h2 h5 24. Qd1 Raf8 25. Qf1 {Strongly threatening g3.} Nh4 (25... Rg7 $1 $11) 26. Ne1 ({White should try} 26. g3 $1 $16) 26... Rg7 (26... Rd8 $11 27. Rxd8+ Qxd8) 27. Rg3 (27. Kh1 $1 $14) 27... Qh6 $11 28. Rd1 Qf6 (28... Qg6 $15) 29. a5 Kh8 30. c4 (30. Nd3 $11 {keeps the balance.}) 30... Qg6 31. f3 (31. Nef3 $17 Nhxg2 32. Rxg2 Nxg2 33. Qxg2 Qxe4 34. Qg3) 31... Qf6 32. c5 $2 (32. b5 {was called for.}) 32... Rd8 $19 33. Nc2 c6 34. Ne3 Rgd7 $1 {[%cal Rd7d1]} 35. Rxd7 Rxd7 36. Qe1 {If White can now play Nc4 this consolidates a bit.} Qd8 37. Nhf1 Rd4 38. Kh1 Kh7 39. Kh2 Kh6 40. Qa1 Ne2 $2 (40... Nhg6 $19 41. Qb1 Ne2) 41. Qa2 $11 Nf4 $36 {[%mdl 2048] Black fights for an advantage.} 42. Qb2 $2 {[%mdl 8192]} (42. Qa1 $1 $11 {and White is okay.}) 42... Kg6 43. Nc2 {[#]} Kf6 $2 (43... Rd1 44. Nce3 $17) (43... Rd2 $1 $19 {[%mdl 512]} 44. Qc3 (44. Nxd2 Qxd2) 44... Rxg2+ 45. Rxg2 Nfxg2) 44. Nfe3 $2 {[%mdl 8192]} (44. Nxd4 $11 Qxd4 45. Qxd4 exd4 46. Nd2) 44... Rd2 $19 45. Kh1 {[#]} Qd4 $1 {[%mdl 512]} 46. Qc1 (46. Nxd4 Rxb2) 46... Qc3 47. Qb1 Ne2 48. Kh2 Nxg3 {Black mates.} 49. Kxg3 Nxg2 50. Qg1 Nf4 {Precision: White = 23%, Black = 54%.} 0-1

[Event "Kathmandu Open 2018"]
[Site "Kathmandu"]
[Date "2018.04.16"]
[Round "8"]
[White "Mirzoev, Azer"]
[Black "Tarlev, Konstantin"]
[Result "1/2-1/2"]
[WhiteElo "2504"]
[BlackElo "2549"]
[Annotator "TA"]
[PlyCount "30"]
[EventDate "2018.??.??"]
[EventType "swiss"]
[EventCountry "NEP"]
[SourceTitle "playchess.com"]
[Source "ChessBase"]
[SourceQuality "1"]

{[%evp 29,30,0,23]} 1. d4 Nf6 2. c4 e6 3. Nf3 b6 4. g3 Bb4+ 5. Bd2 Be7 6. Bg2 Bb7 7. O-O c6 8. Qc2 d5 9. Rd1 O-O 10. Bf4 Nbd7 11. Nc3 Nh5 12. Bc1 Nhf6 $146 ({Predecessor:} 12... f5 13. a4 Bd6 14. a5 Rc8 15. b3 Qe7 16. axb6 axb6 17. Ra7 Rc7 18. Qa2 Nhf6 19. Ba3 Ne4 20. Bxd6 Qxd6 21. Rc1 e5 22. dxe5 Nxe5 23. Nxe5 Qxe5 24. Qc2 Ra8 25. Rxa8+ Bxa8 26. Na4 d4 {½-½ (26) Ghaem Maghami,E (2560)-Ganguly,S (2665) Ashkhabad 2017}) 13. Bf4 Nh5 14. Bc1 Nhf6 15. Bf4 Nh5 1/2-1/2

[Event "Kathmandu Open 2018"]
[Site "Kathmandu"]
[Date "2018.04.16"]
[Round "8"]
[White "Kasparov, Sergey"]
[Black "Harshavardhan G B"]
[Result "1/2-1/2"]
[WhiteElo "2462"]
[BlackElo "2119"]
[Annotator "TA"]
[PlyCount "101"]
[EventDate "2018.??.??"]
[EventType "swiss"]
[EventCountry "NEP"]
[SourceTitle "playchess.com"]
[Source "ChessBase"]
[SourceQuality "1"]

{[%evp 16,101,11,21,31,25,29,14,16,20,24,26,47,57,54,56,49,45,38,47,47,36,22,-18,-6,-73,55,43,52,45,58,56,57,62,63,64,69,79,58,28,34,35,35,33,78,78,78,68,80,0,31,0,0,0,0,0,0,0,0,0,0,0,0,-8,-8,-8,-8,-8,-8,-8,0,0,0,-8,-8,-8,-8,-8,-8,-8,0,-8,-8,-8,-8,-8,-8,-8]} 1. e4 e5 2. Nf3 Nc6 3. Bb5 a6 4. Bxc6 dxc6 5. O-O Bd6 6. d4 exd4 7. Qxd4 f6 8. Be3 Ne7 {[%cal Bg8e7,Be7g6,Bg6h4][%mdl 32] C68: Ruy Lopez: Exchange Variation, sidelines} 9. Nbd2 {LiveBook: 166 Games} Ng6 10. Nc4 Be7 {White has an edge.} 11. Qc3 O-O 12. Nd4 $146 ({Predecessor:} 12. Rad1 Qe8 13. Nd4 Qf7 14. f3 Re8 15. b3 Bf8 16. Bf2 f5 17. exf5 Bxf5 18. Nxf5 Qxf5 19. Ne3 Qf7 20. Qc4 Re6 21. Rfe1 {½-½ (21) Predojevic,B (2628)-Brenjo,S (2522) Bihac 2010}) 12... c5 13. Nf5 Bxf5 14. exf5 Nh4 15. Rad1 Qe8 16. Qd3 {Threatens to win with Qe4.} b5 17. Nd2 Qh5 18. Qe4 Bd6 19. h3 {With the idea Qg4.} (19. Bxc5 $5 Bxc5 20. Qd5+ Kh8 21. Qxc5 $14) 19... Nxf5 20. Bxc5 {[#]} (20. Qd5+ $11 {remains equal.} Kh8 21. Ne4) 20... Bxc5 (20... Ng3 $1 $17 {[%cal Rg3e4]} 21. Qe6+ Qf7 22. Qxf7+ Rxf7 23. fxg3 Bxc5+ 24. Kh2 Re7) 21. Qd5+ $14 Qf7 22. Qxc5 Nd6 23. b3 Rfe8 24. Rfe1 Rxe1+ 25. Rxe1 Re8 26. Rxe8+ Qxe8 27. Kf1 Qd7 {[#] Strongly threatening ...Ne4!} 28. Qd5+ Kf8 $1 29. Ne4 Qf5 30. Qxf5 Nxf5 $16 {[%mdl 4096] Endgame KN-KN} 31. Nc5 {Black must now prevent Ne6+.} Ke7 32. b4 (32. Nxa6 $16 Kd6 33. Ke2) 32... Kd6 33. Nxa6 Nd4 {The position is equal.} 34. c3 Ne6 35. g3 Kc6 36. f4 f5 37. Nb8+ Kd6 38. Ke2 c5 39. c4 bxc4 40. Na6 cxb4 41. Nxb4 Kc5 42. Nc2 h6 43. Kd2 g5 44. Ke3 gxf4+ 45. gxf4 Nc7 46. Kd2 Nd5 47. Ne3 {And now Nxd5 would win.} Nxf4 48. Nxf5 Nxh3 {Hoping for ...h5.} 49. Nxh6 Kb4 50. Nf5 Ka3 51. Kc3 {Precision: White = 64%, Black = 72%.} 1/2-1/2

[Event "Kathmandu Open 2018"]
[Site "Kathmandu"]
[Date "2018.04.16"]
[Round "8"]
[White "Llaneza Vega, Marcos"]
[Black "Shantharam, K.V."]
[Result "1-0"]
[WhiteElo "2422"]
[BlackElo "2163"]
[Annotator "TA"]
[PlyCount "77"]
[EventDate "2018.??.??"]
[EventType "swiss"]
[EventCountry "NEP"]
[SourceTitle "playchess.com"]
[Source "ChessBase"]
[SourceQuality "1"]

{[%evp 9,77,41,49,33,21,11,15,20,13,14,6,5,29,26,31,19,21,10,16,9,11,-7,-1,0,11,0,2,-8,-4,-7,0,-7,7,3,7,-12,10,21,18,4,17,0,0,0,0,0,0,0,25,-4,0,0,0,0,10,0,0,0,10,0,0,-18,3,-33,-31,-49,0,-16,0,0]} 1. e4 d5 2. exd5 Qxd5 3. Nf3 Nf6 4. Be2 Bf5 (4... g6 5. O-O Bg7 6. d4 O-O 7. c4 Qd8 8. Nc3 c6 9. h3 Bf5 10. Be3 Na6 11. Qb3 Qc8 12. Rac1 Nc7 13. Rfd1 Ne4 14. Nxe4 Bxe4 15. d5 Rd8 16. Bg5 Rd7 {½-½ (29) Malakhov,V (2713)-Potapov,P (2493) Doha 2016}) 5. O-O e6 {LiveBook: 6 Games} 6. Nh4 {B01: Scandinavian Defence} Bg6 7. Bf3 Be4 $146 ({Predecessor:} 7... Qb5 8. a4 Qa6 9. Nc3 c6 10. a5 Qc4 11. Ra4 Qc5 12. b4 {½-½ (45) Erwich,F (2370)-Van der Put,F (2264) Netherlands 2016}) 8. Nc3 Bxf3 $1 9. Nxd5 Bxd1 10. Nxf6+ $1 Ke7 11. Rxd1 {[#] And now Ne4 would win.} Kxf6 12. b3 Nd7 13. Bb2+ Ke7 14. Re1 f6 15. Re4 Kf7 16. Rae1 Re8 17. d4 Bb4 18. R1e2 Bd6 19. g3 Rhg8 20. Nf3 h6 21. R4e3 g5 22. Nd2 Bf4 23. Rc3 Bd6 24. Ne4 Rc8 25. Rce3 Rge8 26. c4 Bf8 27. h3 f5 28. Nd2 h5 29. Rd3 g4 30. hxg4 hxg4 31. f3 Nf6 32. fxg4 Nxg4 33. Nf3 Bh6 34. b4 c6 35. Rd1 a6 36. Bc1 Bxc1 37. Rxc1 Rcd8 38. a4 Kf6 39. Rce1 {[%mdl 32768] Precision: White = 39%, Black = 58%. . Loss on Time!?} 1-0

[Event "Kathmandu Open 2018"]
[Site "Kathmandu"]
[Date "2018.04.16"]
[Round "8"]
[White "Prince, Bajaj"]
[Black "Subhayan Kundu"]
[Result "1-0"]
[WhiteElo "2409"]
[BlackElo "2079"]
[Annotator "TA"]
[PlyCount "45"]
[EventDate "2018.??.??"]
[EventType "swiss"]
[EventCountry "NEP"]
[SourceTitle "playchess.com"]
[Source "ChessBase"]
[SourceQuality "1"]

{[%evp 19,45,29,41,25,10,33,33,0,135,112,129,118,130,116,117,77,447,111,662,684,1349,1314,1199,1142,1116,1091,29997,29998]} 1. e4 e6 2. d4 d5 3. Nc3 Nf6 4. e5 Nfd7 5. f4 c5 6. Nf3 Nc6 7. Be3 Be7 8. Qd2 O-O 9. dxc5 Nxc5 {C11: French: Classical System: 4 e5 and 4 Bg5 dxe4} (9... Qa5 10. a3 Bxc5 11. O-O-O Rd8 12. Bxc5 Nxc5 13. h4 Bd7 14. h5 h6 15. g4 Be8 16. Qe3 d4 17. Nxd4 Nxd4 18. Rxd4 {½-½ (26) Inarkiev,E (2689)-Volkov,S (2645) St Petersburg 2017}) 10. O-O-O Rb8 {LiveBook: 5 Games} 11. Qf2 Qa5 {White has an edge.} 12. Kb1 Bd7 13. f5 Na4 (13... exf5 $11 {remains equal.} 14. Rxd5 Ne4 15. Rxa5 Nxf2) 14. Nxa4 $16 Qxa4 {[#]} 15. f6 $1 {[%cal Rf6e7][%mdl 512]} gxf6 {[#]} 16. Bd3 $146 {[%mdl 2048] White is in control.} ({Weaker is} 16. Qg3+ Kh8 $15) ({Predecessor:} 16. Bh6 Kh8 17. Bxf8 Rxf8 18. exf6 Bxf6 {½-½ (29) Valantiejus,V (2174)-Juksta,K (2039) Vilnius 2017}) 16... f5 17. g4 f4 $2 {[%mdl 8192]} ({Not} 17... fxg4 18. Rhg1 $17) (17... Nb4 $16 {is a better chance.} 18. a3 Nxd3 19. Rxd3 f4) 18. b3 $2 (18. Bc5 $18 {is the precise move to win. aiming for Bxe7.} Bxc5 19. Qh4) 18... fxe3 $4 {[%mdl 8192]} (18... Qa5 $16 19. Bd2 Nb4 20. Bxb4 Qxb4) 19. Qxe3 $18 Qa3 20. Qh6 {[%csl Gd3][%cal Rh6h7]} f5 21. exf6 {[%csl Gd3][%cal Rh6h7]} Rf7 22. Ng5 {[%cal Rd3h7]} Bxf6 23. Bxh7+ {Precision: White = 61%, Black = 16%.} 1-0

[Event "Kathmandu Open 2018"]
[Site "Kathmandu"]
[Date "2018.04.16"]
[Round "8"]
[White "Fominyh, Alexander"]
[Black "Volkov, Sergey"]
[Result "1/2-1/2"]
[WhiteElo "2391"]
[BlackElo "2598"]
[Annotator "TA"]
[PlyCount "65"]
[EventDate "2018.??.??"]
[EventType "swiss"]
[EventCountry "NEP"]
[SourceTitle "playchess.com"]
[Source "ChessBase"]
[SourceQuality "1"]

{[%evp 12,65,0,0,0,0,0,0,0,0,0,0,0,0,0,0,0,0,14,0,0,8,63,56,66,38,72,64,106,104,106,79,124,127,129,116,206,166,161,24,33,29,18,26,31,35,30,35,39,34,38,0,8,0,0,-139]} 1. d4 d5 2. c4 c6 3. Nf3 Nf6 4. Nc3 a6 5. h3 e6 6. c5 {D15: Slav Defence: 4 Nc3 a6 and gambit lines after 4 Nc3 dxc4} b6 7. cxb6 $1 {LiveBook: 13 Games} Qxb6 8. e3 $146 ({Predecessor:} 8. Na4 Qa7 9. e3 Nbd7 10. Bd3 c5 11. b3 cxd4 12. exd4 a5 13. O-O {0-1 (66) Cramling,P (2525)-Gavrilov,A (2481) Stockholm 2010}) 8... a5 9. Na4 Qc7 10. Bd3 Ba6 11. O-O Bd6 12. b3 $36 {[%mdl 2048] White is more active.} O-O 13. Bb2 Rc8 14. Rc1 {[%cal Ba1c1,Bc1c4,Bc4c5][%mdl 32]} Ne4 15. Bxa6 Nxa6 16. Nd2 Nb4 (16... Nf6 $11) 17. Nxe4 $14 dxe4 18. Rc4 f5 19. Ba3 Nd5 20. Bxd6 Qxd6 21. Qd2 Rc7 22. Rc5 f4 23. exf4 Rf8 (23... Qxf4 $16 24. Qxf4 Nxf4) 24. Rxa5 Rcf7 25. Nb2 (25. g3 $18) 25... Qxf4 $11 26. Qxf4 Rxf4 27. Nc4 {next g3 is good for White.} e3 $1 {[%cal Re3e2] [#] Threatens to win with ...e2.} 28. f3 {Strongly threatening Re1.} Rxd4 29. Re1 Rd3 $1 30. Rc5 Rc8 31. b4 Nxb4 32. Re5 Rc3 33. Na5 {Precision: White = 51%, Black = 55%.} (33. Re4 $1 $11 {keeps the balance.}) 1/2-1/2

[Event "Kathmandu Open 2018"]
[Site "Kathmandu"]
[Date "2018.04.16"]
[Round "8"]
[White "Kaustuv, Kundu"]
[Black "Tandukar, Nabin"]
[Result "1-0"]
[WhiteElo "2381"]
[BlackElo "1936"]
[Annotator "TA"]
[PlyCount "75"]
[EventDate "2018.??.??"]
[EventType "swiss"]
[EventCountry "NEP"]
[SourceTitle "playchess.com"]
[Source "ChessBase"]
[SourceQuality "1"]

{[%evp 9,75,39,77,75,106,88,88,75,94,91,91,62,135,75,66,12,139,174,157,147,173,185,189,188,193,189,245,254,293,58,453,462,445,455,740,716,758,619,614,603,612,475,458,400,395,371,322,195,289,255,353,351,398,384,374,380,457,457,718,644,980,979,996,962,1045,1020,1068,1045]} 1. d4 Nf6 2. Bf4 g6 3. Nc3 Bg7 4. e4 d6 5. Qd2 h6 {LiveBook: 9 Games} (5... c6 6. Nf3 b5 7. a3 Nbd7 8. Bh6 Bxh6 9. Qxh6 Qa5 10. b4 Qc7 11. Bd3 e5 12. h3 a5 13. O-O Bb7 14. Rfe1 Qb6 15. dxe5 dxe5 {0-1 (64) Jumabayev,R (2612)-Amin,B (2689) Riadh 2017}) 6. O-O-O {B07: Pirc Defence: Miscellaneous Systems} Nbd7 7. Bc4 $146 ({Predecessor:} 7. f3 c6 8. Kb1 Qc7 9. g4 e5 10. Be3 Nb6 {0-1 (56) Vishnu,P (2524)-Gomes,M (2304) Pune 2016}) 7... g5 {...Nb6 is the strong threat.} 8. Bg3 {White is better.} Nh5 9. Nge2 e6 10. f3 a6 (10... Nb6 $14 11. Bd3 Nxg3 12. hxg3 Bd7) 11. a3 ({White should play} 11. Bf2) 11... b5 12. Bb3 (12. Ba2 $14) 12... Rb8 (12... Nxg3 $11 {remains equal.} 13. hxg3 O-O) 13. Bf2 $16 a5 14. g4 Nhf6 15. h4 b4 16. axb4 axb4 17. Na2 Ba6 (17... Nh7 $142 18. Nxb4 Bb7) 18. hxg5 $18 hxg5 19. Qxg5 $2 ({Only move:} 19. Rxh8+ $18 Bxh8 20. Ng3) 19... Nh5 $2 {[%mdl 8192] [#]} (19... Bxe2 $14 20. Qxg7 Rg8) 20. Qxg7 $3 {[%mdl 512]} Nxg7 21. Rxh8+ Ke7 (21... Nf8 $142 22. Bh4 Qxh4 23. Rxh4 Bxe2) 22. Rxd8 Rxd8 23. Nxb4 Bxe2 24. Nc6+ Ke8 25. Rh1 Ra8 {intending ...Ra1+.} 26. Rh7 Bxf3 27. Rxg7 Kf8 28. Rg5 {Threatens to win with Ra5.} Bxe4 (28... Ra1+ $142 29. Kd2 Nf6) 29. d5 e5 30. Rh5 Kg7 31. Ne7 Nf6 32. Rh4 Ra1+ 33. Kd2 {White is clearly winning.} Rh1 (33... Nh7 $142 34. Be3 Rh1) 34. g5 Nh7 35. Rxe4 Nxg5 36. Rc4 Kf6 37. Rxc7 Ne4+ 38. Ke3 {Precision: White = 53%, Black = 33%.} 1-0

[Event "Kathmandu Open 2018"]
[Site "Kathmandu"]
[Date "2018.04.16"]
[Round "8"]
[White "Padmini, Rout"]
[Black "Sriram, Jha"]
[Result "0-1"]
[WhiteElo "2360"]
[BlackElo "2392"]
[Annotator "TA"]
[PlyCount "72"]
[EventDate "2018.??.??"]
[EventType "swiss"]
[EventCountry "NEP"]
[SourceTitle "playchess.com"]
[Source "ChessBase"]
[SourceQuality "1"]

{[%evp 17,72,46,44,29,29,29,28,35,43,0,0,13,8,9,16,-38,-35,-60,-53,-52,-23,-31,-16,-12,-22,-85,-66,-172,-166,-186,-181,-175,-85,-80,-72,-187,-171,-171,-182,-170,-160,-280,-280,-264,-230,-340,-322,-326,-302,-393,-393,-377,-377,-438,-395,-415,-355]} 1. e4 e5 2. Nf3 Nc6 3. Bb5 a6 4. Ba4 Nf6 5. O-O Be7 6. d3 {[%cal Bd2d3,Bd3d4,Bd4d5][%mdl 32]} d6 7. c3 O-O 8. Re1 Nd7 9. Bc2 {C84: Closed Ruy Lopez: Unusual White 6th moves} (9. Be3 Nb6 10. Bb3 Kh8 11. Nbd2 f5 12. Bxb6 cxb6 13. exf5 Bxf5 14. d4 exd4 15. Nxd4 Nxd4 16. cxd4 Qd7 {0-1 (32) Anand,V (2783)-Caruana,F (2807) Saint Louis 2017}) 9... Nb6 {LiveBook: 4 Games} 10. d4 Bg4 11. d5 {White has an edge.} Nb8 12. h3 Bh5 $146 ({Predecessor:} 12... Bc8 13. g4 c6 14. dxc6 Nxc6 15. Qd3 Be6 16. b3 Rc8 {0-1 (30) Black,R-Morrison,J Lake Hopatcong,NJ 1923}) 13. g4 Bg6 14. Nbd2 c6 15. dxc6 Nxc6 16. c4 (16. a4 $11) 16... h5 17. b3 hxg4 18. hxg4 Qc8 19. Nh2 Nd4 20. Bd3 $1 {[#]} d5 $1 {[%mdl 512] With the idea ...Bb4.} 21. Ndf3 (21. Bb2 $11) (21. cxd5 Qc3) 21... Bb4 22. Nxe5 (22. Nxd4 $15 Bxe1 23. Qxe1 dxc4 24. bxc4 exd4 25. f4) 22... Bxe1 $19 23. Qxe1 dxc4 24. bxc4 Bh7 (24... Nd7 $19 25. Nxg6 fxg6) 25. Be3 $17 Qc5 $36 {[%mdl 2048] Black is really pushing.} 26. Nef3 {[#]} (26. f4 $17) 26... Nxf3+ $1 $19 27. Nxf3 {[#]} Qc8 $1 {[%cal Rc8g4]} 28. Nh2 Nxc4 {Hoping for ...Ne5.} 29. f3 (29. Rc1 $17 {keeps fighting.} b5 30. Bxc4 bxc4 31. f3) 29... Nxe3 30. Qxe3 Rd8 31. Be2 (31. Rc1 $142 Qd7 32. Bc4) 31... Qc2 32. Nf1 Rac8 33. Ng3 Qb2 34. Re1 Qxa2 35. Kg2 Qd2 36. Qf2 Qd4 {Precision: White = 31%, Black = 59%.} 0-1